Solicitaȯ̂ de refg︢io como estratǧia migratr̤ia em Roraima

Bibliographic Details
Main Author: Adame Abrahô, Bernardo
Format: eBook
Language:Portuguese
Published: Lisboa: Novas Ediė̳s Acadm̊icas, 2019
Subjects:
Online Access:Acceso restringido

MARC

LEADER 00000nam a22000007a 4500
005 20191003215029.0
007 cr|||| |||
008 191003s2019 pt |||||s|||| 00||0 por d
020 |a 9786139771905 
035 |a 29057 
040 |a vLex 
090 |c 9693  |d 9693 
100 1 |a Adame Abrahô, Bernardo 
245 1 0 |a Solicitaȯ̂ de refg︢io como estratǧia migratr̤ia em Roraima  |h [Recurso electrn̤ico] /  |c Bernardo Adame Abrahô 
256 |a Servicio en ln̕ea 
260 |a Lisboa:  |b Novas Ediė̳s Acadm̊icas,  |c 2019 
300 |a 1 recurso electrn̤ico 
500 |a O presente livro estudou o fenm̥eno das solicitaė̳s de refg︢io por venezuelanos no estado de Roraima sob o viš da estratǧia migratr̤ia traȧda pelos refugiados levando-se em conta a motivaȯ̂ do deslocamento e as causas, para entô analisar as opė̳s feitas pelos refugiados no requerimento do acolhimento jurd̕ico e polt̕ico no estado de Roraima. Por estratǧia migratr̤ia, compreende-se a escolha de solicitaȯ̂ de refg︢io em determinado local, na limitaȯ̂ da pesquisa, Roraima. As teorias migratr̤ias cotejadas com os dados da migraȯ̂ venezuelana em Roraima de 2014 a 2017 permitirô a conclusô de que os venezuelanos representam uma migraȯ̂ pela sobrevivn̊cia. Migraȯ̂ esta que ainda nô tem respaldo jurd̕ico adequado para proteger e garantir os direitos humanos do migrante, o que os deixam em situaȯ̂ de mais vulnerabilidade. Regulamentaė̳s pontuais e precr̀ias nô atendem ao colhimento devido, especialmente pela ausn̊cia de polt̕ica pb︢lica migratr̤ia adequada e clara. É imperioso que se observe este fluxo migratr̤io e o regulamente para sejam obedecidos os direitos humanos do migrante. 
506 1 |a Disponible solo en los productos indicados  |d vLex Global  |d vLex Global (Academic Edition, excluding Law Schools)  |d vLex Global (U.S. Academic Edition, Law Schools)  |d vLex Global (U.S. Academic Edition, excluding Law Schools)  |d vLex Global (Academic Edition, Law Schools) 
650 0 4 |a Derecho Internacional  |z Portugal 
740 0 |a vLex Libros (Servicio en ln̕ea) 
856 4 0 |u http://vlex.com/source/29057  |z Acceso restringido 
942 |c BOOK 
999 0 |a International right